000 00733nam a2200241Ia 4500
003 OSt
005 20220925202204.0
006 a|||||r|||| 00| 0
007 ta
008 220923b |||||||| |||| 00| 0 eng d
020 _a8177586734
_c254.15000000000001
037 _b6220, 03/01/2008, Sethi Book House
_cGeneral Book
040 _aRTL
_cRTL
_beng
041 _2eng
_aeng
082 _aX9(Y):51, P8
100 _aVerma Harsh V.
245 0 _aServices marketing
_b Text and cases
260 _aDelhi
_bPearson Education
_c2008
300 _axiv, 470p
_ccm.
650 _aCommerce
942 _hX9(Y):51, P8
_cGB
_2CC
999 _c542727
_d542727